00237nam a2200085Ia 450000100070000000500170000700800410002424500650006526000210013071717520250826162958.0250824s9999 xx 000 0 und d 0aMEHMED AKİF KALABALIKLARDA BİR YALNIZ ADAMcM.ORHAN OKAY bDERGAH YAYINLARI